Oxford textbook of surgery / (Record no. 1490)
[ view plain ]
| 000 -LEADER | |
|---|---|
| fixed length control field | 02947cam a2200517 a 4500 |
| 001 - CONTROL NUMBER | |
| control field | data |
| 005 - DATE AND TIME OF LATEST TRANSACTION | |
| control field | 20260322212103.0 |
| 008 - FIXED-LENGTH DATA ELEMENTS--GENERAL INFORMATION | |
| fixed length control field | data |
| 035 ## - SYSTEM CONTROL NUMBER | |
| System control number | 4929722 |
| 010 ## - LIBRARY OF CONGRESS CONTROL NUMBER | |
| LC control number | 95110362 |
| 020 ## - INTERNATIONAL STANDARD BOOK NUMBER | |
| International Standard Book Number | 0192618008 |
| Qualifying information | 2-vol. set |
| 020 ## - INTERNATIONAL STANDARD BOOK NUMBER | |
| International Standard Book Number | 0192626035 |
| Qualifying information | v.1 |
| 020 ## - INTERNATIONAL STANDARD BOOK NUMBER | |
| International Standard Book Number | 0192626043 |
| Qualifying information | v.2 |
| 020 ## - INTERNATIONAL STANDARD BOOK NUMBER | |
| International Standard Book Number | 9780192618009 |
| Qualifying information | (2-vol. set) |
| 020 ## - INTERNATIONAL STANDARD BOOK NUMBER | |
| International Standard Book Number | 9780192626035 |
| Qualifying information | (v.1) |
| 020 ## - INTERNATIONAL STANDARD BOOK NUMBER | |
| International Standard Book Number | 9780192626042 |
| Qualifying information | (v.2) |
| 035 ## - SYSTEM CONTROL NUMBER | |
| -- | (DLC) 95110362 |
| 035 ## - SYSTEM CONTROL NUMBER | |
| System control number | (OCoLC)31518429 |
| 040 ## - CATALOGING SOURCE | |
| Original cataloging agency | Uk |
| Transcribing agency | Uk |
| Modifying agency | DLC |
| -- | TMV |
| -- | ViBlbV |
| -- | DLC |
| 042 ## - AUTHENTICATION CODE | |
| Authentication code | lccopycat |
| 050 04 - LIBRARY OF CONGRESS CALL NUMBER | |
| Classification number | RD31 |
| Item number | .O94 1994 |
| 082 00 - DEWEY DECIMAL CLASSIFICATION NUMBER | |
| Classification number | 617 |
| Edition information | 20 |
| 245 00 - TITLE STATEMENT | |
| Title | Oxford textbook of surgery / |
| Statement of responsibility, etc. | edited by Peter J. Morris and Ronald A. Malt. |
| 260 ## - PUBLICATION, DISTRIBUTION, ETC. | |
| Place of publication, distribution, etc. | New York : |
| Name of publisher, distributor, etc. | Oxford University Press, |
| Date of publication, distribution, etc. | 1994. |
| 300 ## - PHYSICAL DESCRIPTION | |
| Extent | 2 v. (xxiv, 2764, 122 p.). : |
| Other physical details | ill. (some col.) ; |
| Dimensions | 29 cm. |
| 336 ## - CONTENT TYPE | |
| Content type term | text |
| Content type code | txt |
| Source | rdacontent |
| 337 ## - MEDIA TYPE | |
| Media type term | unmediated |
| Media type code | n |
| Source | rdamedia |
| 338 ## - CARRIER TYPE | |
| Carrier type term | volume |
| Carrier type code | nc |
| Source | rdacarrier |
| 504 ## - BIBLIOGRAPHY, ETC. NOTE | |
| Bibliography, etc. note | Includes bibliographical references and indexes. |
| 505 0# - FORMATTED CONTENTS NOTE | |
| Formatted contents note | v. 1. Wound healing -- Surgical infections and AIDS -- Anaesthesia and the operating room -- Care of the critically-ill patient -- Medical problems in the surgical patient -- Imaging the surgical practice -- Arteries -- Veins -- Abnormalities of the lymphatic system -- Organ transplantation -- Endocrine disease -- Breast -- Endoscopic surgery -- Oesophagus -- Stomach and duodenum -- Small intestine -- Surgery for obesity -- Colon and rectum -- Appendix -- Anus -- Peritoneum and intraperitoneal abscesses -- Liver -- Biliary tract -- Portal hypertension. |
| 505 0# - FORMATTED CONTENTS NOTE | |
| Formatted contents note | Pancreas -- Abdominal wall, omentum, mesentery and retroperitoneum -- Endoscopy of the alimentary tract -- Acute abdomen -- Hernias of the abdominal wall -- v. 2. Gynaecology and obstetrics in general surgery -- Soft tissue tumours -- Skin -- Urology -- Cardiac surgery -- Thoracic surgery -- Paediatric surgery -- Spleen and haemopoietic tissues -- Neurosurgery -- Head and neck surgery -- Orthopaedics -- Surgery of tropical disease -- Cancer -- Irradiation in cancer -- Pain relief -- Plastic surgery -- Design of controlled clinical trials. |
| 505 0# - FORMATTED CONTENTS NOTE | |
| Formatted contents note | Molecular biology and clinical practice -- How should surgical trainees be selected? |
| 505 0# - FORMATTED CONTENTS NOTE | |
| Formatted contents note | v. 1. Sections 1-29 and index -- v. 2. Sections 30-48 and index. |
| 650 #0 - SUBJECT ADDED ENTRY--TOPICAL TERM | |
| Topical term or geographic name entry element | Surgery. |
| 650 #2 - SUBJECT ADDED ENTRY--TOPICAL TERM | |
| Topical term or geographic name entry element | Surgery |
| 653 0# - INDEX TERM--UNCONTROLLED | |
| Uncontrolled term | Surgery |
| 700 1# - ADDED ENTRY--PERSONAL NAME | |
| Personal name | Morris, Peter J., |
| Dates associated with a name | 1943- |
| 700 1# - ADDED ENTRY--PERSONAL NAME | |
| Personal name | Malt, Ronald A. |
| 856 42 - ELECTRONIC LOCATION AND ACCESS | |
| Materials specified | Publisher description |
| Uniform Resource Identifier | <a href="http://www.loc.gov/catdir/enhancements/fy0640/95110362-d.html">http://www.loc.gov/catdir/enhancements/fy0640/95110362-d.html</a> |
| 856 41 - ELECTRONIC LOCATION AND ACCESS | |
| Materials specified | Table of contents only |
| Uniform Resource Identifier | <a href="http://www.loc.gov/catdir/enhancements/fy0640/95110362-t.html">http://www.loc.gov/catdir/enhancements/fy0640/95110362-t.html</a> |
| 906 ## - LOCAL DATA ELEMENT F, LDF (RLIN) | |
| a | 7 |
| b | cbc |
| c | copycat |
| d | 2 |
| e | ncip |
| f | 19 |
| g | y-gencatlg |
| 922 ## - | |
| -- | ad |
| 991 ## - | |
| -- | c-GenColl |
| -- | RD31 |
| -- | .O94 1994 |
| -- | Copy 1 |
| -- | BOOKS |
| Withdrawn status | Lost status | Damaged status | Not for loan | Home library | Current library | Shelving location | Date acquired | Total checkouts | Full call number | Barcode | Date last seen | Price effective from | Koha item type |
|---|---|---|---|---|---|---|---|---|---|---|---|---|---|
| Riverside | Riverside | General stacks | 22/03/2026 | 617 | LOC-RPL-00037 | 22/03/2026 | 22/03/2026 | Books |